Ortopedie

Bibliographic Details
Main Author: Eis, Emil (Author)
Format: Book
Language:Undetermined
PhysicalDescription:372 s.
Published: Praha Státní pedagogické nakladatelství 1979

MARC

LEADER 00000nam a2200000 a 4500
001 vtls001397097
003 SK-MaSNL
005 20260416165129.0
008 240318s1979 xx 0 und
035 |a SNK000351494 
040 |a SNK  |b slo  |c SNK  |e AACR2 
100 1 |a Eis, Emil  |4 aut  |9 525265 
245 1 0 |a Ortopedie 
260 |a Praha  |b Státní pedagogické nakladatelství  |c 1979 
300 |a 372 s. 
958 |a OND 
999 |c 810721  |d 812651 
952 |t P60, <04>, [BOOK], {604}  |a SNK  |b SNK  |y VYP  |7 0  |p 17A0252669  |o snkIB 42940 D1  |0 0  |1 1  |4 0  |d 2000-09-27  |l 0  |r 2005-01-02 00:00:00  |w 2026-02-24 
952 |a SNK  |b SNK  |y VYP  |7 0  |p 17A0565183  |o snkIB 42940  |i snkKIP 2363/80  |3 rekatalogizácia  |0 0  |1 0  |4 0  |d 2007-10-16  |l 0  |r 2026-02-24 02:34:51  |w 2026-02-24